Central Library OPAC University of Rajshahi

On the question of agricultural co-operation / (Record no. 65651)

MARC details
000 -LEADER
fixed length control field 00771nam a2200241 a 4500
001 - CONTROL NUMBER
control field 65651
003 - CONTROL NUMBER IDENTIFIER
rucl marc code BD-RjUL
005 - DATE AND TIME OF LATEST TRANSACTION
control field 20211209081441.0
008 - FIXED-LENGTH DATA ELEMENTS--GENERAL INFORMATION
fixed length control field 170309s1962 ch 000 0 eng d
035 ## - SYSTEM CONTROL NUMBER
System control number (BD-RjUL)65781
040 ## - CATALOGING SOURCE
Original cataloging agency UkOxU
Language of cataloging eng
Description conventions rda
Transcribing agency UkOxU
Modifying agency BD-RjUL
041 ## - LANGUAGE CODE
Language code of text/sound track or separate title eng
082 ## - DEWEY DECIMAL CLASSIFICATION NUMBER
Edition number 23
Classification number 338.130951
Author mark and year TEO 1962
100 1# - MAIN ENTRY--PERSONAL NAME
Personal name Tse-Tung, Mao.
Dates associated with a name 1893-1976.
9 (RLIN) 177913
245 10 - TITLE STATEMENT
Title On the question of agricultural co-operation /
Statement of responsibility, etc. Mao Tse-Tung.
250 ## - EDITION STATEMENT
Edition statement 2nd rev. ed.
260 ## - PUBLICATION, DISTRIBUTION, ETC. (IMPRINT)
Place of publication, distribution, etc. Peking :
Name of publisher, distributor, etc. Foreign Languages Press,
Date of publication, distribution, etc. c1962.
300 ## - PHYSICAL DESCRIPTION
Pagination 33 p. ;
Size 19 cm.
650 #0 - SUBJECT ADDED ENTRY--TOPICAL TERM
Topical term or geographic name as entry element Agriculture
Geographic subdivision China
General subdivision Economic aspects.
9 (RLIN) 194205
Topical term or geographic name as entry element Agriculture and state
Geographic subdivision China.
9 (RLIN) 194206
651 #0 - SUBJECT ADDED ENTRY--GEOGRAPHIC NAME
Geographic name China
General subdivision Politics and government
Chronological subdivision 1949-1976.
9 (RLIN) 194207
942 ## - ADDED ENTRY ELEMENTS (KOHA)
Source of classification or shelving scheme Dewey Decimal Classification
Koha item type Books
Holdings
Lost status Source of classification or shelving scheme Damaged status Not for loan Collection code Permanent Location Current Location Shelving location Date acquired Source of acquisition Total Checkouts Full call number Date last seen Copy number Koha item type
  Dewey Decimal Classification   Not For Loan Non-fiction Central Library, University of Rajshahi Central Library, University of Rajshahi Reading Room 20/08/1991 Shawkat Osman, Dhaka   338.130951 TSO 1962 09/03/2017 C-1 Books